000
00317nam a2200121Ia 4500
008
150201s2011 xx 000 0 und d
082
_a
624.0221
_b
VER
100
_a
Verma,B.P
245
_a
Civil engineering drawing & house planning
260
_b
Khanna Publishers
_a
Delhi
_c
2011
300
_a
132p.
942
_2
ddc
_c
BK
_0
2
999
_c
5743
_d
5743